| 000 | 00499nam a2200169Ia 4500 | ||
|---|---|---|---|
| 003 | IN-BaIIA | ||
| 008 | 211028s9999 xx 000 0 eng d | ||
| 040 | _cIIA Library | ||
| 080 |
_aGEN _bMAD |
||
| 100 |
_aMadan, Indranath _912612 |
||
| 245 | 0 |
_aPremchand ki sresht kahaniya _cIndranath Madan |
|
| 260 |
_aAllahabad _bHams Prakashan _c1981 |
||
| 300 | _a153p. | ||
| 490 | _aHindi Pocket Books | ||
| 650 |
_aPremchand, Hindi stories _912613 |
||
| 942 | _cBK | ||
| 999 |
_c7357 _d7357 |
||